Wird geladen...
Dharmakirti on compassion and rebirth/
| 1. Verfasser: | |
|---|---|
| Format: | Printed Book |
| Veröffentlicht: |
New Delhi:
Motilal Banarsidass,
1997.
|
| Schlagworte: |
| LEADER | 00485nam a22001451a 4500 | ||
|---|---|---|---|
| 999 | |c 10513 |d 10513 | ||
| 082 | |a 181.043 |b ELI/D | ||
| 100 | |a Franco Eli | ||
| 245 | |a Dharmakirti on compassion and rebirth/ | ||
| 260 | |a New Delhi: |b Motilal Banarsidass, |c 1997. | ||
| 300 | |a 394p. | ||
| 650 | |a Philosophy Buddhist Logic | ||
| 650 | |a Philosophy | ||
| 942 | |c BK | ||
| 952 | |0 0 |1 0 |4 0 |6 181_043000000000000_ELI_D |7 0 |9 15342 |a SSUS |b SSUS |d 2015-01-08 |g 2000.00 |o 181.043 ELI/D |p 045772 |r 2015-01-08 |v 0.00 |w 2015-01-08 |y BK | ||